| 000 | 00895nam a22002657a 4500 | ||
|---|---|---|---|
| 003 | OSt | ||
| 005 | 20260601171017.0 | ||
| 008 | 260508b2002\\\\xxu|||||\||||\00|\0\eng\d | ||
| 020 | _a3897901757 | ||
| 040 |
_aICI _bspa _cICI _erda |
||
| 041 | _aeng | ||
| 050 |
_aNK1390 _bS76 2005 |
||
| 245 | 1 | _aSt. Moritz design summit. | |
| 260 |
_aStuttgart : _bArnoldsche Art Publishers, _c2002 |
||
| 300 |
_a192 páginas : _bilustraciones a color ; _c30 cm. |
||
| 500 | _aPublicación sobre conferencias y tendencias internacionales de diseño contemporáneo. | ||
| 504 | _aIncluye referencias bibliográficas. | ||
| 650 |
_aDiseño industrial _xCongresos. _934217 |
||
| 650 | _aDiseño contemporáneo. | ||
| 650 |
_aDiseño gráfico _xCongresos. _934219 |
||
| 650 | _aComunicación visual. | ||
| 650 |
_aInnovaciones en diseño. _934221 |
||
| 650 |
_aDiseño _xAspectos sociales. |
||
| 942 |
_2lcc _cB _n1 |
||
| 999 |
_c20762 _d20762 |
||